000 00438nam a2200157 i 4500
001 bg
100 1 _aLANKAJTES, Jerzy
245 0 _aPierwsza pomoc w budownictwie i przemyśle materiałów budowlanych /
_cJerzy Lankajtes, Feliks Sekuracki.
250 _aWyd.2 popr. i uzup.
260 _aWarszawa,
_c1971.
700 1 _aSEKURACKI, Feliks
040 _cBPK
041 _apol
942 _cKS
008 s pl f |000 0 pol
999 _c7278
_d7278
856 _uhttp://koha.tu.koszalin.pl/cgi-bin/koha/opac-detail.pl?biblionumber=7278
_yKatalog online BPK